00235nam a2200085Ia 4500008004100000100001800041245003900059260004200098260000900140170620s9999 xx 000 0 und d aRather- A. R. 0aTheory and Principles of Education bNew Delhi- Discovery Publishing House c2006